Vraždy v Dekagonu. 5 /

Finální díl manga adaptace, jež vypráví spletitý příběh sedmi studentů univerzitního klubu milovníků detektivek.

Uloženo v:
Série:Vraždy v Dekagonu, část 5
Hlavní autor: Ayatsuji, Yukito, 1960- (Autor)
Další autoři: Kiyohara, Hiro, 1981- (Autor), Ljuboňka, Sofie (Ilustrátor)
Médium: Kniha
Jazyk:Czech
Vydáno: V Praze : Crew, 2026
Vydání:První vydání
Edice:Crew manga
Témata:
Celkem bylo vypůjčeno:1x
Příbuzné jednotky:Z cyklu:: Vraždy v Dekagonu
Tagy:
Žádné tagy
LEADER 02153nam a2200505 i 4500
001 106469
003 CZ PrSKC
005 20260603113604.0
007 ta
008 260504s2026 xr a g 6 000 1 cze
020 |a 9788077120531  |q (brožováno) 
040 |a ABG001  |b cze  |e rda 
041 1 |a cze  |h jpn 
072 7 |a 741.52  |x Komiksy. Komiksové adaptace  |2 Konspekt  |9 21 
080 |a 741.52(0:82-32)  |2 MRF 
080 |a 741.52(0:82-322.4)  |2 MRF 
080 |a 741.52(0.046.6)  |2 MRF 
080 |a 821.521-31  |2 MRF 
100 1 |a Ayatsuji, Yukito,  |d 1960-  |7 xx0332974  |4 aut  |9 117102 
240 1 0 |a Jukkakukan no Satsujin.  |l Česky 
245 1 0 |a Vraždy v Dekagonu.  |n 5 /  |c scénář: Jukito Ajacudži ; kresba: Hiro Kijohara ; překlad z japonštiny: Sofie Ljuboňka 
250 |a První vydání 
264 1 |a V Praze :  |b Crew,  |c 2026 
300 |a 180 stran :  |b ilustrace ;  |c 19 cm 
336 |a text  |b txt  |2 rdacontent 
336 |a statický obraz  |b sti  |2 rdacontent 
337 |a bez média  |b n  |2 rdamedia 
338 |a svazek  |b nc  |2 rdacarrier 
490 1 |a Crew manga 
500 |a Tištěno zprava doleva ve stylu manga 
520 2 |a Finální díl manga adaptace, jež vypráví spletitý příběh sedmi studentů univerzitního klubu milovníků detektivek.  |b Pomsta byla dovršena. Neodhalená pravda, které si není vědom ani sám pachatel, však se vším ještě zásadně zamíchá. Nakladatelská anotace. 
655 7 |a manga  |7 fd1057492  |2 czenas 
655 7 |a detektivní komiksy  |7 fd1057469  |2 czenas 
655 7 |a thrillery (komiksy)  |7 fd1057486  |2 czenas 
655 7 |a komiksové adaptace  |7 fd1057342  |2 czenas 
655 7 |a japonské romány  |7 fd132490  |2 czenas  |9 53658 
700 1 |a Kiyohara, Hiro,  |d 1981-  |7 xx0332983  |4 ill  |9 117103 
700 1 |a Ljuboňka, Sofie  |7 xx0333003  |4 trl  |9 117104 
710 2 |a Nakladatelství Crew  |7 xx0243763  |4 pbl  |9 117310 
787 0 8 |i Z cyklu:  |t Vraždy v Dekagonu  |g 5 
830 0 |a Crew manga 
910 |a UOG502 
942 |2 ddc  |c KN 
999 |d 106469 
993 |0 0  |1 421180107186  |2 ddc  |4 0  |7 0  |9 99905  |b 0  |c 107186  |d 2026-06-03  |e 1  |f DOSP  |h 249.00  |i Koupě  |l DOSP  |q 2026-07-16  |r 2026-06-04  |s 2026-06-04  |t 6  |w 2026-06-03  |y KN  |z KOMIKS  |n